عرض عادي
عرض مارك
- Maoz, Zeev
دخول Personal Name
001 - CONTROL NUMBER
- control field: 21045
003 - CONTROL NUMBER IDENTIFIER
- control field: AE-AdECS
005 - DATE AND TIME OF LATEST TRANSACTION
- control field: 20250929100458.0
008 - FIXED-LENGTH DATA ELEMENTS
- fixed length control field: 250929|| aca||aabn | a|a d
040 ## - CATALOGING SOURCE
- Original cataloging agency: AE-AdECS
- Transcribing agency: AE-AdECS
100 ## - HEADING--PERSONAL NAME
- Personal name: Maoz, Zeev
670 ## - SOURCE DATA FOUND
- Source citation: Work cat.: (AE-AdECS)292447: Maoz, Zeev, author., Scriptures, shrines, scapegoats, and world politics :
